Fatigue of materials and structures ; (Record no. 18550)

000 -LEADER
fixed length control field 00698cam a22002177a 4500
020 ## - INTERNATIONAL STANDARD BOOK NUMBER
ISBN 9781848212916
020 ## - INTERNATIONAL STANDARD BOOK NUMBER
ISBN 1848212917
040 ## - CATALOGING SOURCE
Transcribing agency BTCTA
082 04 - DEWEY DECIMAL CLASSIFICATION NUMBER
Classification number 620 IST 2011 C147 Or.
245 00 - TITLE STATEMENT
Title Fatigue of materials and structures ;
Remainder of title application to design and damage /
260 ## - PUBLICATION, DISTRIBUTION, ETC. (IMPRINT)
Place of publication London :
Name of publisher ISTE ;
Place of publication Hoboken, NJ :
Name of publisher Wiley,
Year of publication 2011.
300 ## - PHYSICAL DESCRIPTION
Number of Pages xiii, 344 p. :
Other physical details ill. ;
Dimensions 24 cm.
650 #0 - SUBJECT ADDED ENTRY--TOPICAL TERM
Topical Term Materials
650 #0 - SUBJECT ADDED ENTRY--TOPICAL TERM
Topical Term Materials
650 #0 - SUBJECT ADDED ENTRY--TOPICAL TERM
Topical Term Microstructure.
700 1# - ADDED ENTRY--PERSONAL NAME
Personal name Bathias, Claude.
700 1# - ADDED ENTRY--PERSONAL NAME
Personal name Pineau, A.
856 42 - ELECTRONIC LOCATION AND ACCESS
Uniform Resource Identifier http://www.loc.gov/catdir/enhancements/fy1204/2010040728-d.html
856 41 - ELECTRONIC LOCATION AND ACCESS
Uniform Resource Identifier http://www.loc.gov/catdir/enhancements/fy1402/2010040728-t.html
942 ## - ADDED ENTRY ELEMENTS (KOHA)
Koha item type ADB
952 ## - LOCATION AND ITEM INFORMATION (KOHA)
Withdrawn status [LOCAL, KOHA] 0
Holdings
Source of acquisition Permanent Location Date acquired Koha item type Lost status Shelving location Current Location Full call number
A36976Library Block C2019-12-18សៀវភៅភាសាអង់គ្លេស C147Library Block C620 IST 2011 C147 Or.
មជ្ឈមណ្ឌលឯការនៃសាកលវិទ្យាល័យភូមិន្ទកសិកម្មចំការដូង

Powered by Koha